Associez le tournoi de tennis à sa surface - Statistiques

Statistiques générales
  • Ce quiz a été pris 190 fois
  • Le résultat moyen est 15 sur 20
Statistiques - réponses
Hint Réponse % Correct
Roland-Garros Terre battue
96%
Wimbledon Gazon
95%
US Open Dur
93%
Open d'Australie Dur
92%
Tournoi de tennis de Shanghai Dur
88%
Masters de Monte-Carlo Terre battue
88%
Open du Canada Dur
87%
Masters de Rome Terre battue
87%
Tournoi de tennis de Barcelone Terre battue
85%
Tournoi de tennis de Miami Dur
84%
Masters de Cincinnati Dur
84%
Indian Wells Dur
84%
Tournoi de tennis du Queen's Gazon
84%
Open de Madrid Terre battue
84%
Tournoi de tennis de Halle Gazon
69%
Tournoi de tennis de Paris Dur
64%
Open de Stuttgart Gazon
53%
Tournoi de tennis de Bois-le-Duc (Libéma Open) Gazon
44%
Tournoi de tennis de Hambourg Terre battue
44%
Open de Genève Terre battue
37%
Aucun quiz correspondant
Distribution des résultats
% des personnes avec chaque résultat
Percentile par nombre de réponses
Votre historique - résultats
Vous n’avez pas pris ce quiz